000 00718nam a2200241Ia 4500
003 OSt
005 20220930195123.0
006 a|||||r|||| 00| 0
007 ta
008 220926b |||||||| |||| 00| 0 hin d
024 _a13968
037 _cDissertations
040 _aCRL
_cCRL
_bhin
041 _2hin
_ahin
100 _aNigam Nisha
_9563902
110 _aUniversity of Delhi. Faculty of Arts. Department of Sanskrit
245 0 _aSatneen dashak (1961-70) ke natako par loknatya shaile ka prabhav
260 _c1972
650 _aHINDI LITERATURE
_923866
700 _aUniversity of Delhi. Faculty of Arts. Department of Sanskrit
942 _cDIS
_2CC
999 _c898626
_d898626